000 00659nam a2200217 i 4500
001 bgj
100 1 _aHARPER, Kathryn
245 1 0 _aStardust :
_bclass book 1 /
_cKathryn Harper ; Alison Blair and Jane Cadwallader.
260 _aOxford :
_bOxford University Press,
_c2006.
300 _a56 pp :
_bill. ;
_c28 cm.
650 9 _aEnglish language
_xPrimary schools
_xYoung learners
655 _aTextbooks for children
700 1 _aBLAIR, Alison.
_eco-author
700 1 _aCADWALLADER, Jane.
_eco-author
020 _a0194805034
040 _cBPK
041 0 _aeng
920 _a0-19-480503-4
942 _cKS
008 s uk f |000 0 eng
999 _c49064
_d49064
856 _uhttp://koha.tu.koszalin.pl/cgi-bin/koha/opac-detail.pl?biblionumber=49064
_yKatalog online BPK